Vvedenije v geometriju nelinejnych differenciaľnych uravnenij

Gespeichert in:
Bibliographische Detailangaben
Hauptverfasser: Vinogradov, A.M (Verfasst von), Krasiľščik, I.S (Verfasst von), Lyčagin, V.V (Verfasst von)
Format: Buch
Sprache:Russisch
Veröffentlicht: Moskva : Nauka, 1986
Tags: Tag hinzufügen
Keine Tags, Fügen Sie das erste Tag hinzu!

MARC

LEADER 00000nam a22000003a 4500
001 stu83447
005 20150617225635.3
008 040128s1986----xxr-----------------rus-d
040 |a STU  |b slo 
041 0 |a rus 
044 |a xxr 
080 |a 514.7 
100 1 |a Vinogradov, A.M.  |4 aut 
245 1 |a Vvedenije v geometriju nelinejnych differenciaľnych uravnenij 
260 |a Moskva :  |b Nauka,  |c 1986 
300 |a 334 s 
700 1 |a Krasiľščik, I.S.  |4 aut 
700 1 |a Lyčagin, V.V.  |4 aut 
996 |b E60504  |c E*60504  |l EE03  |s P  |a 0  |w stu83447_0003